000 00653nmm a2200265 a 4500
003 AR-BaBNM
005 20251128205720.0
008 038019s1976 ||||||||||||||000 | spa||
040 _cAR-BaBNM
100 1 _aSwift, Jonathan
245 1 0 _aLos viajes de Gulliver
250 _a1ยช ed.
260 _aBuenos Aires
_bEdiciones Corregidor
_c1976
300 0 _a302 p.
650 4 _aLITERATURA INGLESA
650 4 _aHUMOR
650 4 _aSIGLO DIECIOCHO
653 0 _aNOVELA DE AVENTURAS
653 0 _aNARRATIVA
653 0 _aCRITICA SOCIAL
655 _aLITERATURA
700 1 _aStilman, Eduardo
_etraductor
942 _cBK
998 _cMARTIN
999 _c12531
_d12531